000 01363nam a22003257a 4500
003 OSt
005 20230608111847.0
008 221006b |||||||| |||| 00| 0 eng d
040 _cBiblioteca Lado V
082 _a800
_bG984r
100 _9849
_aGutierrez, Rafael
_edirector
245 _aRevista de la Universidad de San Carlos de Guatemala/
260 _aImpreso en LitografĂ­a Llerena
_c2004
_bGuatemala
300 _c21.5x27cm
_a85p.
366 _espa
490 _a10
_v2004
505 _tEnsayos
_aPoesia y Alquimia Centroamerica: las tres alfabetizaciones pendientes El diablo y Mr. Johnson
505 _tLetras
_aPoemas Relato Relato
505 _tDebate
_aDebate sobre el racismo en Guatemala 1970-1973
505 _tArte
_aIgal Permuth: viaje abordo de un tren detenido
505 _tComentarios
_aLa cultura en los tratados de libre comercio y el ALCA Tarde o temprano
650 _2Tesauro de Arte & Arquitectura
_aENSAYOS
_9703
650 _2Tesauro de Arte & Arquitectura
_aNARRATIVA
_9702
650 _2Tesauro de Arte & Arquitectura
_aDEBATE
_9702
650 _2Tesauro de Arte & Arquitectura
_aPOESIA
650 _2Tesauro de Arte & Arquitectura
_aARTE
650 _2Tesauro de Arte & Arquitectura
_aCULTURA
700 _aNavarreta, Jose Antonio
_eeditor
942 _2ddc
_c1
_h800
_iG984r
_n0
999 _c3827
_d3827